| 000 | 01217 a2200157 4500 | ||
|---|---|---|---|
| 003 | NUST | ||
| 005 | 20230725094742.0 | ||
| 040 | _cNust | ||
| 082 | _a621.3744,VOL | ||
| 245 | _aThe Volt-OHM-milliammeter / | ||
| 260 |
_aUSA _bM.W.Lads _c1966 |
||
| 300 | _a63 p.; | ||
| 505 | _aThe d’ Arsonval meter (Page-6), The Meter Coil (Page-7), Meter Scales (Page-11), Range Multiplier (Page-13), The Logarithmic Scale (Page-14), The Basic VOM (Page-15), Measuring Resistance (Page-18), The VOM Battery (Page-19), The Standard Resistor (Page-21), D. C. Current Measurements (Page-25), Test Leads (Page-28), The Meter Rectifier (Page-29), Series and Shunt Resistors for A. C. (Page-32), using the VOM (Page-33), Checking Shunted Components (Page-38), Checking long Lines (Page-43), Checking Variable Capacitors (Page-45), Checking Relays (Page-45), Checking Tubes (Page-45), Checking Capacitors (Page-48), Checking LoadSpeakers (Page-50), Checking Transistors (Page-50), Checking line Voltage (Page-53), Checking D. C. Voltages (Page-56), Troubleshooting a tube Circuit (Page-58), Checking Screen grid Voltage (Page-61), Taking Care of your VOM (Page-64). | ||
| 650 |
_aMilliammeter _9113801 |
||
| 942 |
_2ddc _cBK _k621.3744,VOL |
||
| 999 |
_c193282 _d193282 |
||